01083cam9a220025301 4500001001200000005001700012008004100029010001600070020001500086035001900101035002100120035002200141040001900163050002200182110005600204245020900260260011700469500010500586700003500691700002900726949004900755004000600804999001900810lce0269775920190819114845.0891211s1982 at eng  a 89215252 a1862527520 a(Sirsi) r48659 a(DLC) 89215252 a(UPRA)lce02697759 aDLCcDLCdUPRA00aMLCM 92/03511 (G)2 bRegional Conference d8.1..35.7 c8.1..43.156A6717.110aGeographical perspectives on development in Southern Africa :bpapers from the Regional Conference of the Commonwealth Geographic Bureau, Lusaka, 1982 /cedited by Geoffrey J. Williams and Adrian P. Wood. a[Australia] :bCommonwealth Geographical Bureau at James Cook University of North Queensland, Australia,c[1982] a"Papers from the Regional Conference of the Commonwealth Geographical Bureau, Lusaka, 1982."--Cover.1 aWilliams, Geoffrey J.6A6718.11 aWood, Adrian P.6A6719.1 aMLCM 92/03511 (G)wlccmMAINtBOOKlON-SHELF48659 c109479d109479